[Event "Vladivostok-ch"]
[Site "Vladivostok"]
[Date "2010.10.21"]
[Round "7"]
[White "Frolov, Sergey2222"]
[Black "Chubukin, Aleksandr Nikolaevi"]
[Result "0-1"]
[WhiteElo "1899"]
[BlackElo "2255"]
[PlyCount "68"]
[EventDate "2010.10.15"]
[EventType "swiss"]
[EventRounds "9"]
[EventCountry "RUS"]
[SourceTitle "EXT 2022"]
[Source "ChessBase"]
[SourceDate "2021.10.06"]
[SourceVersion "1"]
[SourceVersionDate "2021.10.06"]
[SourceQuality "1"]

1. e4 e5 2. Nf3 Nc6 3. Bb5 a6 4. Ba4 Nf6 5. 0-0 b5 6. Bb3 Be7 7. Re1 d6 8. a4 Bb7 9. c3 0-0 10. d4 Na5 11. dxe5 dxe5 12. Qxd8 Bxd8 13. Bc2 Nc4 14. b3 Nd6 15. Ba3 Re8 16. Nbd2 Nd7 17. Bxd6 cxd6 18. axb5 axb5 19. Rxa8 Bxa8 20. Ra1 Bb6 21. Bd3 Bc6 22. Ra6 Bb7 23. Ra1 Bc6 24. Ra6 Rb8 25. c4 Nc5 26. cxb5 Nxa6 27. bxc6 Nb4 28. Bb5 Bxf2+ 29. Kxf2 Rxb5 30. c7 Rc5 31. Nc4 Rxc7 32. Nxd6 Rc2+ 33. Ke3 Rc3+ 34. Kd2 Rxb3 0-1

[Event "Vladivostok-ch"]
[Site "Vladivostok"]
[Date "2010.10.18"]
[Round "4"]
[White "Rastorotskiy, Mikhail"]
[Black "Chubukin, Aleksandr Nikolaevi"]
[Result "1-0"]
[WhiteElo "2021"]
[BlackElo "2255"]
[PlyCount "59"]
[EventDate "2010.10.15"]
[EventType "swiss"]
[EventRounds "9"]
[EventCountry "RUS"]
[SourceTitle "EXT 2022"]
[Source "ChessBase"]
[SourceDate "2021.10.06"]
[SourceVersion "1"]
[SourceVersionDate "2021.10.06"]
[SourceQuality "1"]

1. d4 d5 2. Nf3 Nf6 3. c4 c6 4. Nc3 e6 5. Bg5 h6 6. Bxf6 Qxf6 7. e4 dxe4 8. Nxe4 Bb4+ 9. Nc3 0-0 10. a3 Ba5 11. b4 Bc7 12. Bd3 Rd8 13. 0-0 Nd7 14. Qc2 e5 15. d5 Nb6 16. Ne4 Qf4 17. d6 Bb8 18. c5 f5 19. Ned2 e4 20. g3 Qg4 21. Ne5 Qh3 22. Nxe4 fxe4 23. Bxe4 Nd5 24. Bh7+ Kf8 25. Ng6+ Kf7 26. Rae1 Bxd6 27. Nh8+ Kf8 28. cxd6 Rxd6 29. Qc5 Qd7 30. Ng6+ 1-0

[Event "Vladivostok-ch"]
[Site "Vladivostok"]
[Date "2010.10.15"]
[Round "1"]
[White "Chubukin, Aleksandr Nikolaevi"]
[Black "Panchenko, Makar"]
[Result "1-0"]
[WhiteElo "2255"]
[BlackElo "1927"]
[PlyCount "111"]
[EventDate "2010.10.15"]
[EventType "swiss"]
[EventRounds "9"]
[EventCountry "RUS"]
[SourceTitle "EXT 2022"]
[Source "ChessBase"]
[SourceDate "2021.10.06"]
[SourceVersion "1"]
[SourceVersionDate "2021.10.06"]
[SourceQuality "1"]

1. e4 c5 2. Nf3 e6 3. d4 cxd4 4. Nxd4 a6 5. Bd3 Qc7 6. c4 Nf6 7. Nc3 Nc6 8. Nxc6 dxc6 9. Be3 e5 10. 0-0 Ng4 11. Bg5 Be7 12. Bxe7 Qxe7 13. Na4 Be6 14. c5 Rd8 15. Qc2 0-0 16. Rad1 Rd4 17. Be2 Rfd8 18. Bxg4 Bxg4 19. f3 Be6 20. b3 Qg5 21. Rxd4 Qe3+ 22. Qf2 Qxd4 23. Nb2 Kf8 24. Qxd4 Rxd4 25. Rd1 Rxd1+ 26. Nxd1 Ke7 27. Kf2 g6 28. Nb2 f5 29. Nd3 Kf6 30. Ke3 fxe4 31. fxe4 a5 32. Kd2 a4 33. Kc3 axb3 34. axb3 Bg4 35. Kb4 Be2 36. Nf2 Kg5 37. g3 h5 38. Ka5 h4 39. Kb6 hxg3 40. hxg3 Ba6 41. Kc7 Kf6 42. Kd6 Be2 43. Kd7 Kf7 44. Kc7 Ke7 45. Kxb7 Kd7 46. Kb6 g5 47. Kb7 g4 48. Kb6 Bf3 49. Nd3 Ke6 50. Nf2 Kd7 51. b4 Be2 52. Kb7 Bb5 53. Nxg4 Ke6 54. Kc7 Ba4 55. Ne3 Bb5 56. Nf5 1-0

[Event "Vladivostok op-A"]
[Site "Vladivostok"]
[Date "2010.08.04"]
[Round "1"]
[White "Chubukin, Aleksandr Nikolaevi"]
[Black "Rychkov, Oleg"]
[Result "0-1"]
[WhiteElo "2255"]
[BlackElo "2105"]
[PlyCount "94"]
[EventDate "2010.08.04"]
[EventType "swiss"]
[EventRounds "9"]
[EventCountry "RUS"]
[SourceTitle "CBM 138 Extra"]
[Source "ChessBase"]
[SourceDate "2010.10.29"]
[SourceVersion "1"]
[SourceVersionDate "2010.10.29"]
[SourceQuality "1"]

1. e4 c5 2. Nf3 e6 3. d4 cxd4 4. Nxd4 Nf6 5. Nc3 d6 6. g4 h6 7. h4 Nc6 8. g5 hxg5 9. Bxg5 Be7 10. Qd2 Nxd4 11. Qxd4 Bd7 12. 0-0-0 Qb6 13. Bxf6 Bxf6 14. Qxb6 axb6 15. Rxd6 Bxc3 16. bxc3 Bc6 17. Rd4 Rxa2 18. Kb1 Ra5 19. Be2 Ke7 20. Kb2 Rha8 21. Rb1 Re5 22. Kc1 Rxe4 23. Rxe4 Bxe4 24. Rxb6 Ra2 25. Bd3 Bc6 26. Rb4 Ra1+ 27. Kd2 Rh1 28. Rg4 Rh2 29. Ke2 g6 30. Ke3 Rh3+ 31. Kd2 e5 32. Rg5 e4 33. Bxe4 f6 34. Rg4 f5 35. Bxc6 fxg4 36. Bxb7 Rxh4 37. Bc8 Kf6 38. c4 Ke5 39. Ke3 Rh3+ 40. Ke2 Kf4 41. Be6 Rh2 42. Ke1 g3 43. fxg3+ Kxg3 44. Bf7 g5 45. Bg6 Kf3 46. c5 g4 47. c6 g3 0-1

[Event "Vladivostok op"]
[Site "Vladivostok"]
[Date "2010.06.08"]
[Round "8"]
[White "Kravtsov, Sergey"]
[Black "Chubukin, Aleksandr Nikolaevi"]
[Result "1-0"]
[WhiteElo "2362"]
[BlackElo "2228"]
[PlyCount "72"]
[EventDate "2010.06.01"]
[EventType "swiss"]
[EventRounds "9"]
[EventCountry "RUS"]
[SourceTitle "CBM 137 Extra"]
[Source "ChessBase"]
[SourceDate "2010.09.01"]
[SourceVersion "1"]
[SourceVersionDate "2010.09.01"]
[SourceQuality "1"]

1. d4 Nf6 2. c4 e6 3. Nc3 Bb4 4. Bg5 h6 5. Bh4 c5 6. d5 b5 7. dxe6 fxe6 8. cxb5 0-0 9. e3 a6 10. bxa6 Qa5 11. Bxf6 Rxf6 12. Qc1 Nxa6 13. a3 Nc7 14. Bd3 Bb7 15. f3 e5 16. Nge2 e4 17. fxe4 d5 18. exd5 Nxd5 19. Bc4 Kh8 20. axb4 Qxa1 21. Nxd5 Rd6 22. bxc5 Bxd5 23. cxd6 Bxc4 24. Qxa1 Rxa1+ 25. Kd2 Ra6 26. Nd4 Rxd6 27. Re1 Rf6 28. Kc3 Ba6 29. b4 Rf2 30. b5 Bb7 31. Re2 Rxe2 32. Nxe2 Bxg2 33. b6 g5 34. Kd4 Bb7 35. Ng3 Kh7 36. Ne4 Kg6 1-0

[Event "Vladivostok op"]
[Site "Vladivostok"]
[Date "2010.06.02"]
[Round "2"]
[White "Rastorotskiy, Mikhail"]
[Black "Chubukin, Aleksandr Nikolaevi"]
[Result "0-1"]
[WhiteElo "2046"]
[BlackElo "2228"]
[PlyCount "68"]
[EventDate "2010.06.01"]
[EventType "swiss"]
[EventRounds "9"]
[EventCountry "RUS"]
[SourceTitle "CBM 137 Extra"]
[Source "ChessBase"]
[SourceDate "2010.09.01"]
[SourceVersion "1"]
[SourceVersionDate "2010.09.01"]
[SourceQuality "1"]

1. d4 Nf6 2. Nf3 b6 3. c4 e6 4. a3 Bb7 5. Nc3 d6 6. Bg5 Be7 7. e3 Nbd7 8. Bd3 e5 9. Qc2 h6 10. Bxf6 Bxf6 11. d5 Nc5 12. Be2 a5 13. b3 Bc8 14. 0-0 Bg4 15. b4 Nd7 16. Nd2 Bxe2 17. Nxe2 g6 18. e4 0-0 19. Nc3 Bg7 20. Nb5 Kh7 21. Nb3 f5 22. f3 Rf7 23. Rfb1 fxe4 24. fxe4 Nf6 25. Rf1 axb4 26. axb4 Rxa1 27. Nxa1 Qf8 28. Nb3 h5 29. c5 Bh6 30. Qf2 Bf4 31. Qf3 Ng4 32. Kh1 Nxh2 33. Qf2 Nxf1 34. Qxf1 Bg3 0-1

[Event "Vladivostok op"]
[Site "Vladivostok"]
[Date "2010.06.01"]
[Round "1"]
[White "Chubukin, Aleksandr Nikolaevi"]
[Black "Petko, Daria"]
[Result "1-0"]
[WhiteElo "2228"]
[BlackElo "1810"]
[PlyCount "67"]
[EventDate "2010.06.01"]
[EventType "swiss"]
[EventRounds "9"]
[EventCountry "RUS"]
[SourceTitle "CBM 137 Extra"]
[Source "ChessBase"]
[SourceDate "2010.09.01"]
[SourceVersion "1"]
[SourceVersionDate "2010.09.01"]
[SourceQuality "1"]

1. e4 c6 2. d4 d5 3. Nd2 dxe4 4. Nxe4 Nf6 5. Nxf6+ gxf6 6. c3 Bf5 7. Ne2 e6 8. Ng3 Bg6 9. h4 h5 10. Be2 e5 11. Be3 Qd5 12. Nxh5 Bxh5 13. Bxh5 Nd7 14. Bf3 e4 15. Be2 Nb6 16. Qb3 Qxb3 17. axb3 Bh6 18. Bxh6 Rxh6 19. Ra5 Nd5 20. g3 b6 21. Ra6 Ke7 22. Kd2 Nc7 23. Raa1 a5 24. Bg4 Ne8 25. b4 a4 26. b3 a3 27. Ra2 Nd6 28. Rha1 Nb5 29. Be2 Nc7 30. Rxa3 Rhh8 31. Rxa8 Rxa8 32. Rxa8 Nxa8 33. Bg4 Nc7 34. Bf5 1-0

[Event "Vladivostok Cup"]
[Site "Vladivostok"]
[Date "2010.03.22"]
[Round "4"]
[White "Chuhachev, Vladimir"]
[Black "Chubukin, Aleksandr Nikolaevi"]
[Result "1/2-1/2"]
[WhiteElo "1955"]
[BlackElo "2235"]
[PlyCount "49"]
[EventDate "2010.03.19"]
[EventType "swiss"]
[EventRounds "9"]
[EventCountry "RUS"]
[SourceTitle "EXT 2022"]
[Source "ChessBase"]
[SourceDate "2021.10.06"]
[SourceVersion "1"]
[SourceVersionDate "2021.10.06"]
[SourceQuality "1"]

1. e4 c5 2. Nf3 Nc6 3. c3 d5 4. exd5 Qxd5 5. d4 Bg4 6. Be2 e6 7. h3 Bh5 8. c4 Qd7 9. d5 Bxf3 10. Bxf3 Nd4 11. 0-0 exd5 12. Re1+ Be7 13. Bxd5 Nf6 14. Nc3 0-0 15. Be3 Nf5 16. Qf3 Nxe3 17. Rxe3 Nxd5 18. Qxd5 Qxd5 19. Nxd5 Bd6 20. Rd1 Rfd8 21. Red3 Kf8 22. Ne3 Be7 23. Rxd8+ Rxd8 24. Rxd8+ Bxd8 25. Nd5 1/2-1/2

[Event "Vladivostok Cup"]
[Site "Vladivostok"]
[Date "2010.03.19"]
[Round "1"]
[White "Chubukin, Aleksandr Nikolaevi"]
[Black "Frolov, Sergey2222"]
[Result "1-0"]
[WhiteElo "2235"]
[BlackElo "1899"]
[PlyCount "105"]
[EventDate "2010.03.19"]
[EventType "swiss"]
[EventRounds "9"]
[EventCountry "RUS"]
[SourceTitle "EXT 2022"]
[Source "ChessBase"]
[SourceDate "2021.10.06"]
[SourceVersion "1"]
[SourceVersionDate "2021.10.06"]
[SourceQuality "1"]

1. e4 d6 2. d4 f5 3. Nc3 Nf6 4. e5 dxe5 5. dxe5 Qxd1+ 6. Kxd1 Ng4 7. Nh3 Nxe5 8. Bf4 Ng6 9. Nd5 Nxf4 10. Nxc7+ Kd8 11. Nxa8 Nxh3 12. gxh3 Nc6 13. c3 b6 14. Bg2 Bb7 15. b4 e5 16. Bd5 g6 17. a4 Kc8 18. a5 bxa5 19. b5 Nd8 20. c4 Bb4 21. b6 Bxa8 22. Bxa8 axb6 23. Kc2 Nb7 24. Rhd1 Kc7 25. Bxb7 Kxb7 26. Rd7+ Kc6 27. Rad1 Bc5 28. f3 Bd4 29. Rf7 Kd6 30. Kb3 Ke6 31. Rc7 f4 32. Ka4 Kf5 33. h4 h6 34. h3 h5 35. Rd2 Re8 36. Rg2 Re6 37. Rg7 Rf6 38. Rg5+ Ke6 39. R5xg6 Bf2 40. Rxf6+ Kxf6 41. Rg5 Bxh4 42. Rxh5 Bf2 43. h4 Bd4 44. Rg5 Bf2 45. Rg4 Bd4 46. h5 Kf5 47. Rg8 e4 48. Rf8+ Bf6 49. fxe4+ Kg5 50. h6 Bd4 51. h7 Kg6 52. h8Q Bxh8 53. Rxh8 1-0